<?xml version="1.0" encoding="UTF-8"?>
<record
    xmlns:xsi="http://www.w3.org/2001/XMLSchema-instance"
    xsi:schemaLocation="http://www.loc.gov/MARC21/slim http://www.loc.gov/standards/marcxml/schema/MARC21slim.xsd"
    xmlns="http://www.loc.gov/MARC21/slim">

  <leader>00582nam  2200169   4500</leader>
  <controlfield tag="001">6093</controlfield>
  <datafield tag="090" ind1=" " ind2=" ">
    <subfield code="a">6093</subfield>
  </datafield>
  <datafield tag="100" ind1=" " ind2=" ">
    <subfield code="a">20190729k        u||y0frey50      ba</subfield>
  </datafield>
  <datafield tag="101" ind1=" " ind2=" ">
    <subfield code="a">spa</subfield>
  </datafield>
  <datafield tag="200" ind1=" " ind2=" ">
    <subfield code="a">Sobre la Central nuclear de Santa Maria de Gero&#xF1;a</subfield>
    <subfield code="b">Brochure</subfield>
    <subfield code="f">[Coordinadora contra Garo&#xF1;a]</subfield>
  </datafield>
  <datafield tag="210" ind1=" " ind2=" ">
    <subfield code="a">[S.l.]</subfield>
    <subfield code="c">Coordinadora contra Garo&#xF1;a</subfield>
    <subfield code="d">[1986?]</subfield>
  </datafield>
  <datafield tag="215" ind1=" " ind2=" ">
    <subfield code="a">[17] p.</subfield>
    <subfield code="c">ill.</subfield>
    <subfield code="d">30 cm</subfield>
  </datafield>
  <datafield tag="606" ind1=" " ind2=" ">
    <subfield code="9">7012</subfield>
    <subfield code="a">Centrale nucl&#xE9;aire Santa Mar&#xED;a de Garo&#xF1;a</subfield>
    <subfield code="y">Espagne</subfield>
    <subfield code="z">1971-2012</subfield>
  </datafield>
  <datafield tag="606" ind1=" " ind2=" ">
    <subfield code="9">648</subfield>
    <subfield code="a">Nucl&#xE9;aire (Energie)</subfield>
  </datafield>
  <datafield tag="607" ind1=" " ind2=" ">
    <subfield code="9">493</subfield>
    <subfield code="a">Espagne</subfield>
  </datafield>
  <datafield tag="710" ind1=" " ind2=" ">
    <subfield code="9">7011</subfield>
    <subfield code="a">Coordinadora contra Garo&#xF1;a</subfield>
  </datafield>
  <datafield tag="801" ind1=" " ind2=" ">
    <subfield code="a">CH</subfield>
    <subfield code="b">CH-002049-8</subfield>
  </datafield>
  <datafield tag="995" ind1=" " ind2=" ">
    <subfield code="1">0</subfield>
    <subfield code="2">0</subfield>
    <subfield code="3">0</subfield>
    <subfield code="5">2026-06-19</subfield>
    <subfield code="9">7077</subfield>
    <subfield code="b">ARCHIC</subfield>
    <subfield code="c">ARCHIC</subfield>
    <subfield code="e">Brochures</subfield>
    <subfield code="f">7922</subfield>
    <subfield code="h">Contratom</subfield>
    <subfield code="k">Broch 2748</subfield>
    <subfield code="o">1</subfield>
  </datafield>
</record>
